[Event "Heraklion Galaxy op 1st"]
[Site "Heraklion"]
[Date "2011.01.04"]
[Round "1"]
[White "Mamoulakis, Eleftherios"]
[Black "Sfinias, Nektarios"]
[Result "1-0"]
[WhiteElo "2134"]
[BlackElo "1005"]
[PlyCount "39"]
[EventDate "2011.01.04"]
[EventType "swiss"]
[EventRounds "7"]
[EventCountry "GRE"]
[SourceTitle "EXT 2024"]
[Source "ChessBase"]
[SourceDate "2023.10.10"]
[SourceVersion "1"]
[SourceVersionDate "2023.10.10"]
[SourceQuality "1"]

1. Nf3 Nf6 2. g3 d5 3. Bg2 c6 4. 0-0 Nbd7 5. d4 e6 6. Nbd2 Bd6 7. c4 b6 8. b3 Bb7 9. Bb2 0-0 10. Re1 Re8 11. e4 dxe4 12. Ne5 c5 13. Nxd7 Qxd7 14. dxc5 Bxc5 15. Bxf6 gxf6 16. Nxe4 Qe7 17. Qg4+ Kh8 18. Qh4 Bxe4 19. Bxe4 f5 20. Qxe7 1-0